Apni Talash / (Record no. 522575)
[ view plain ]
| 000 -LEADER | |
|---|---|
| fixed length control field | 00591nam a22002177a 4500 |
| 003 - CONTROL NUMBER IDENTIFIER | |
| control field | NUST |
| 005 - DATE AND TIME OF LATEST TRANSACTION | |
| control field | 20190313052230.0 |
| 008 - FIXED-LENGTH DATA ELEMENTS--GENERAL INFORMATION | |
| fixed length control field | 181113b ||||| |||| 00| 0 eng d |
| 038 ## - RECORD CONTENT LICENSOR | |
| Staff Name | waseem |
| 040 ## - CATALOGING SOURCE | |
| Original cataloging agency | NUST |
| 082 ## - DEWEY DECIMAL CLASSIFICATION NUMBER | |
| Classification number | 150.1986 |
| Author Mark | SHA |
| 100 ## - MAIN ENTRY--PERSONAL NAME | |
| Personal name | Shah, Qasim Ali |
| 9 (RLIN) | 12591 |
| 245 ## - TITLE STATEMENT | |
| Title | Apni Talash / |
| Statement of responsibility, etc. | Qasim Ali Shah |
| 260 ## - PUBLICATION, DISTRIBUTION, ETC. | |
| Place of publication, distribution, etc. | Lahore : |
| Name of publisher, distributor, etc. | Nai Soch, |
| Date of publication, distribution, etc. | 2017. |
| 300 ## - PHYSICAL DESCRIPTION | |
| Extent | 176 p. ; |
| 500 ## - GENERAL NOTE | |
| General note | Hardcover. |
| 880 ## - ALTERNATE GRAPHIC REPRESENTATION | |
| Linkage | 100-01\r |
| Title | قاسم علی شاہ |
| 880 ## - ALTERNATE GRAPHIC REPRESENTATION | |
| Linkage | 245-02\r |
| Title | اپنی تلاش |
| 880 ## - ALTERNATE GRAPHIC REPRESENTATION | |
| Linkage | 260-03\r |
| Title | لاہور : |
| b | نی۫ سوج، |
| c | 2017. |
| 942 ## - ADDED ENTRY ELEMENTS (KOHA) | |
| Source of classification or shelving scheme | |
| Koha item type | Book |
| Withdrawn status | Lost status | Source of classification or shelving scheme | Damaged status | Not for loan | Collection code | Permanent Location | Current Location | Shelving location | Date acquired | Source of acquisition | Total Checkouts | Full call number | Barcode | Checked out | Date last seen | Date last checked out | Copy number | Price effective from | Koha item type | Total Renewals |
|---|---|---|---|---|---|---|---|---|---|---|---|---|---|---|---|---|---|---|---|---|
| Central Library (CL) | Central Library (CL) | Fiction | 11/13/2018 | Donation | 2 | 150.1986 SHA | CL-D-84 | 03/02/2020 | 02/01/2020 | 02/01/2020 | 1 | 11/13/2018 | Book | |||||||
| Central Library (CL) | Central Library (CL) | Fiction | 11/13/2018 | Donation | 5 | 150.1986 SHA | CL-D-85 | 01/08/2020 | 12/09/2019 | 12/09/2019 | 2 | 11/13/2018 | Book | 1 | ||||||
| Central Library (CL) | Central Library (CL) | Fiction | 11/13/2018 | Donation | 6 | 150.1986 SHA | CL-D-86 | 01/10/2023 | 12/20/2022 | 3 | 11/13/2018 | Book | 1 | |||||||
| Central Library (CL) | Central Library (CL) | Fiction | 11/13/2018 | Donation | 4 | 150.1986 SHA | CL-D-87 | 02/08/2020 | 12/08/2019 | 4 | 11/13/2018 | Book | 7 | |||||||
| Central Library (CL) | Central Library (CL) | Fiction | 11/13/2018 | Donation | 5 | 150.1986 SHA | CL-D-88 | 10/13/2023 | 09/17/2019 | 5 | 11/13/2018 | Book | ||||||||
| Central Library (CL) | Central Library (CL) | Fiction | 11/13/2018 | Donation | 5 | 150.1986 SHA | CL-D-89 | 06/29/2025 | 05/30/2025 | 05/30/2025 | 6 | 11/13/2018 | Book | |||||||
| Central Library (CL) | Central Library (CL) | Fiction | 11/13/2018 | Donation | 7 | 150.1986 SHA | CL-D-90 | 09/11/2022 | 02/01/2022 | 7 | 11/13/2018 | Book | 3 | |||||||
| Central Library (CL) | Central Library (CL) | Fiction | 11/13/2018 | Donation | 4 | 150.1986 SHA | CL-D-91 | 06/12/2022 | 06/10/2022 | 8 | 11/13/2018 | Book | ||||||||
| Central Library (CL) | Central Library (CL) | Fiction | 11/13/2018 | Donation | 4 | 150.1986 SHA | CL-D-92 | 12/28/2022 | 11/22/2021 | 9 | 11/13/2018 | Book | 3 | |||||||
| Central Library (CL) | Central Library (CL) | Fiction | 11/13/2018 | Donation | 4 | 150.1986 SHA | CL-D-93 | 06/28/2025 | 06/26/2025 | 10 | 11/13/2018 | Book | 1 |
